000 00411nam a22001697a 4500
005 20160615110839.0
008 160615b xxu||||| |||| 00| 0 eng d
020 _a81-259-1442-0
041 _aeng
082 _b7705
100 _aSingh, Sukhpal
_9332
245 _aRural marketing
260 _aNew Delhi
_bVikas Publishing House (P) Ltd.
_c2004
300 _a135
650 _aManagement
_9241
942 _cBK
999 _c2752
_d2751